Technická mechanika : Statika

Enregistré dans:
Détails bibliographiques
Auteur principal: Žiaran, Stanislav, 1948- (Auteur)
Format: Livre
Langue:slovaque
Publié: Bratislava : Nakladateľstvo STU, 2011
Édition:1. vyd.
Sujets:
Tags: Ajouter un tag
Pas de tags, Soyez le premier à ajouter un tag!

MARC

LEADER 00000nam a22000003a 4500
001 stu237246
005 20220317190354.4
008 111026s2011----xo------------------slo-d
020 |a 978-80-227-3568-1 
040 |a STU  |b slo 
041 0 |a slo 
044 |a xo 
080 |a 531.2 
100 1 |a Žiaran, Stanislav,  |d 1948-  |4 aut  |u J0010  |9 100  |U SjF Strojnícka fakulta  |T SjF Ústav aplikovanej mechaniky a mechatroniky  |X 2470  |U J0010  |Y 801  |7 A000002470 
245 1 |a Technická mechanika :  |b Statika 
250 |a 1. vyd. 
260 |a Bratislava :  |b Nakladateľstvo STU,  |c 2011 
300 |a 388 s., 315 obr., 28 tab 
650 7 |a statika  |2 stusub 
996 |b 284J039446  |c J*114222  |l JJST  |s P  |a 0  |w stu237246_0001 
996 |b 284J040968  |c J*115740  |l JJST  |s P  |a 0  |w stu237246_0002 
996 |b 284J039448  |c J*114224  |l JJST  |s P  |a 0  |w stu237246_0003 
996 |b 284J040969  |c J*115741  |l JJSK  |s A  |a 24  |w stu237246_0004 
996 |b 284J040974  |c J*115746  |l JJSK  |s A  |a 24  |w stu237246_0005 
996 |b 284J040977  |c J*115749  |l JJSK  |s A  |a 24  |w stu237246_0008 
996 |b 284J040978  |c J*115750  |l JJSK  |s A  |a 24  |w stu237246_0009 
996 |b 284J040979  |c J*115751  |l JJSK  |s A  |a 24  |w stu237246_0010 
996 |b 284J040980  |c J*115752  |l JJSK  |s A  |a 24  |w stu237246_0011 
996 |b 284J040982  |c J*115754  |l JJSK  |s A  |a 24  |w stu237246_0012 
996 |b 284J040983  |c J*115755  |l JJSK  |s A  |a 24  |w stu237246_0013 
996 |b 284J040984  |c J*115756  |l JJSK  |s A  |a 24  |w stu237246_0014 
996 |b 284J040985  |c J*115757  |l JJSK  |s A  |a 24  |w stu237246_0015 
996 |b 284J040986  |c J*115758  |l JJSK  |s A  |a 24  |w stu237246_0016 
996 |b 284J040987  |c J*115759  |l JJSK  |s A  |a 24  |w stu237246_0017 
996 |b 284J040988  |c J*115760  |l JJSK  |s A  |a 24  |w stu237246_0018 
996 |b 284J040989  |c J*115761  |l JJSK  |s A  |a 24  |w stu237246_0019 
996 |b 284J040991  |c J*115763  |l JJSK  |s A  |a 24  |w stu237246_0021 
996 |b 284J040992  |c J*115764  |l JJSK  |s A  |a 24  |w stu237246_0022 
996 |b 284J040973  |c J*115745  |l JJSK  |s A  |a 24  |w stu237246_0023 
996 |b 284J040972  |c J*115744  |l JJSK  |s A  |a 24  |w stu237246_0024 
996 |b 284J040971  |c J*115743  |l JJSK  |s A  |a 24  |w stu237246_0025 
996 |b 284J040970  |c J*115742  |l JJSK  |s A  |a 24  |w stu237246_0026 
996 |b 284J040981  |c J*115753  |l JJSK  |s A  |a 24  |w stu237246_0027 
996 |b 284J040993  |c J*115765  |l JJSK  |s A  |a 24  |w stu237246_0028 
996 |b 284J041016  |c J*115788  |l JJSK  |s A  |a 24  |w stu237246_0029 
996 |b 284J041014  |c J*115786  |l JJSK  |s A  |a 24  |w stu237246_0031 
996 |b 284J041013  |c J*115785  |l JJSK  |s A  |a 24  |w stu237246_0032 
996 |b 284J041012  |c J*115784  |l JJSK  |s A  |a 24  |w stu237246_0033 
996 |b 284J041011  |c J*115783  |l JJSK  |s A  |a 24  |w stu237246_0034 
996 |b 284J041010  |c J*115782  |l JJSK  |s A  |a 24  |w stu237246_0035 
996 |b 284J041009  |c J*115781  |l JJSK  |s A  |a 24  |w stu237246_0036 
996 |b 284J041008  |c J*115780  |l JJSK  |s A  |a 24  |w stu237246_0037 
996 |b 284J041007  |c J*115779  |l JJSK  |s A  |a 24  |w stu237246_0038 
996 |b 284J041006  |c J*115778  |l JJSK  |s A  |a 24  |w stu237246_0039 
996 |b 284J041004  |c J*115776  |l JJSK  |s A  |a 24  |w stu237246_0041 
996 |b 284J041003  |c J*115775  |l JJSK  |s A  |a 24  |w stu237246_0042 
996 |b 284J041002  |c J*115774  |l JJSK  |s A  |a 24  |w stu237246_0043 
996 |b 284J041001  |c J*115773  |l JJSK  |s A  |a 24  |w stu237246_0044 
996 |b 284J040999  |c J*115771  |l JJSK  |s A  |a 24  |w stu237246_0046 
996 |b 284J040998  |c J*115770  |l JJSK  |s A  |a 24  |w stu237246_0047 
996 |b 284J040997  |c J*115769  |l JJSK  |s A  |a 24  |w stu237246_0048 
996 |b 284J040996  |c J*115768  |l JJSK  |s A  |a 24  |w stu237246_0049 
996 |b 284J040995  |c J*115767  |l JJSK  |s A  |a 24  |w stu237246_0050 
996 |b 284J040994  |c J*115766  |l JJSK  |s A  |a 24  |w stu237246_0051 
996 |b 284J042965  |c J*117178  |l JJSK  |s A  |a 24  |w stu237246_0052 
996 |b 284J041017  |c J*115789  |l JJSK  |s A  |a 24  |w stu237246_0053